|
|
|
|
| LEADER |
00000cam a2200000 a 4500 |
| 001 |
vtls008315771 |
| 003 |
SK-MaSNL |
| 005 |
20260301164542.0 |
| 008 |
240322s1972 xo abo c 000 0 slo |
| 015 |
|
|
|a SNBA1972/03-00753
|
| 020 |
|
|
|q (viaz.)
|
| 035 |
|
|
|a SK01SNK19720007988
|
| 035 |
|
|
|a SKM000010451
|
| 040 |
|
|
|a SNK
|b slo
|c SNK
|e AACR2
|
| 041 |
0 |
|
|a slo
|
| 044 |
|
|
|a xo
|c SK
|
| 080 |
|
|
|a 372.893.1(075.2)
|2 1981
|
| 100 |
1 |
|
|a Michovský, Václav,
|d 1922-1994
|4 aut
|9 231566
|
| 245 |
1 |
0 |
|a Z dávnej minulosti ľudstva
|b dejepis pre 6. ročník ZDŠ
|c Václav Michovský
|
| 250 |
|
|
|a 3. vyd.
|
| 260 |
|
|
|a Bratislava
|b Slovenské pedagogické nakladateľstvo
|c 1972
|e Martin
|f Tlačiarne SNP
|
| 300 |
|
|
|a 203, [8] s.
|b fotogr., ilustr., mp., sch., tab.
|c 12°
|
| 366 |
|
|
|e 20000 výtl.
|
| 650 |
0 |
7 |
|a dejepis
|2 SNKPH
|9 4288
|
| 655 |
|
7 |
|a učebnice základných škôl
|2 SNKPH
|9 70187
|
| 700 |
1 |
|
|a Jonáš, Albert
|4 ill
|9 470036
|
| 852 |
|
|
|a Slovenská národná knižnica
|
| 958 |
|
|
|a EUIPO
|
| 958 |
|
|
|a OND
|
| 958 |
|
|
|a RK
|
| 958 |
|
|
|a UX
|
| 999 |
|
|
|c 821021
|d 822951
|
| 952 |
|
|
|a SNK
|b SNK
|y PREZ
|7 0
|p 17A0768563
|o snkSE 5507
|i snkKSP 2829/72
|0 0
|1 0
|4 0
|d 2023-08-28
|l 0
|r 2026-02-24 03:06:02
|w 2026-02-24
|
| 952 |
|
|
|a SNK
|b SNK
|y VYP
|7 0
|p 17A1165489
|o snkSE 5507 D1
|i snkKSP 2830/72
|0 0
|1 0
|4 0
|d 2023-09-11
|l 0
|r 2026-02-24 03:06:02
|w 2026-02-24
|